000 00678cam a22002291 4500
001 0000005874
005 20170406121045.0
008 731105s1947 xx 000 0 eng
010 _a 48000207
035 _9(DLC) 48000207
035 _a(OCoLC)734432
040 _aDLC
_cOOxM
_dDLC
042 _aemarc=LC PreMARC Retrospective Conversion Project
050 0 0 _aBH201
_b.C6
082 0 _a701.17
100 1 _aCory, Herbert E.
_q(Herbert Ellsworth),
_d1883-1947.
245 1 4 _aThe significance of beauty in nature and art.
260 _aMilwaukee :
_bBruce Pub. Co.,
_c[1947]
300 _axv, 248 p. ;
_c24 cm.
650 0 _aAesthetics.
908 _a150529
999 _c5642
_d5642